Five true horse stories / (Record no. 6878)

MARC details
000 -LEADER
fixed length control field 00941nam a22003017a 4500
001 - CONTROL NUMBER
control field 6878
003 - CONTROL NUMBER IDENTIFIER
control field FISKH
005 - DATE AND TIME OF LATEST TRANSACTION
control field 20250604110321.0
008 - FIXED-LENGTH DATA ELEMENTS--GENERAL INFORMATION
fixed length control field 250604b cb ||||| |||| 00| 0 eng d
020 ## - INTERNATIONAL STANDARD BOOK NUMBER
International Standard Book Number 078073003990
040 ## - CATALOGING SOURCE
Original cataloging agency FISKH
Language of cataloging eng
Transcribing agency FISKH
Modifying agency FISKH
050 ## - LIBRARY OF CONGRESS CALL NUMBER
Classification number SF302.D385
082 ## - DEWEY DECIMAL CLASSIFICATION NUMBER
Classification number 636.1
100 ## - MAIN ENTRY--PERSONAL NAME
Personal name Davidson, Margaret
Dates associated with a name (1936–)
245 ## - TITLE STATEMENT
Title Five true horse stories /
Statement of responsibility, etc. By Margaret Davidson ; Illustrated by Leo Summers ; Cover illustration by Sandy Rabinowitz
250 ## - EDITION STATEMENT
Edition statement This edition first published in 1979
260 ## - PUBLICATION, DISTRIBUTION, ETC.
Place of publication, distribution, etc. New York :
Name of publisher, distributor, etc. Scholastic,
Date of publication, distribution, etc. 1979
300 ## - PHYSICAL DESCRIPTION
Extent 64 pages :
Other physical details illustrations ;
Dimensions 20 cm
505 ## - FORMATTED CONTENTS NOTE
Formatted contents note P<br/>
520 ## - SUMMARY, ETC.
Summary, etc. Stories about real horses.<br/>
521 8# - TARGET AUDIENCE NOTE
Target audience note 600<br/>
Source Lexile<br/>
521 8# - TARGET AUDIENCE NOTE
Target audience note P<br/>
Source Raz-Plus<br/>
650 ## - SUBJECT ADDED ENTRY--TOPICAL TERM
Source of heading or term Animal stories
Topical term or geographic name entry element Horses
650 ## - SUBJECT ADDED ENTRY--TOPICAL TERM
Source of heading or term Independent Readers Shelf
Topical term or geographic name entry element Small group reading
700 ## - ADDED ENTRY--PERSONAL NAME
Personal name Summers, Leo
Dates associated with a name illustrator
942 ## - ADDED ENTRY ELEMENTS (KOHA)
Source of classification or shelving scheme Dewey Decimal Classification
Koha item type Books
Suppress in OPAC No
Holdings
Withdrawn status Lost status Source of classification or shelving scheme Damaged status Not for loan Collection Home library Current library Shelving location Date acquired Total Checkouts Full call number Barcode Date last seen Copy number Price effective from Koha item type
    Dewey Decimal Classification     Juvenile Fiction Footprints International School Library Network Toul Tom Poung Campus Footprints International School Library Network Toul Tom Poung Campus TTP Primary Yellow Bookshelves 06/04/2025   DAV 636.1 SF302.D385 2025-1477 06/04/2025 1 06/04/2025 Books